000 01878nam a22002897a 4500
003 MX-MxUPN
005 20260427104333.0
007 cr |||aaa|||||
008 260427s2009 mx| ||||o|||| 000 0 spa d
020 _a9786077771050 (UAEM)
020 _a9786077700159 (Juan Pablos Editor)
040 _aMX-MxUPN
_bspa
_eaacr2
041 0 _aspa
050 4 _aLB2002 M8
245 0 0 _aHistorias de normales, memorias de maestros
_h[recurso electrónico en línea]
250 _aPrimera edición
260 _aMéxico :
_bJuan Pablos :
_bUniversidad Autónoma del Estado de Morelos :
_bUniversidad Pedagógica Nacional-Morelos,
_c2009
300 _a1 recurso en línea (229 páginas) :
_bilustraciones, PDF
490 0 _aColección Ediciones mínimas. Educación ;
_v3
505 0 _tEl Centro de Actualización del Magisterio /
_rMaría del Carmen Jaimes Ruiz. --
_tLa Escuela Particular Normal Superior del Estado: apuntes sobre su emergencia /
_rSonia Stella Araújo-Olivera y Marcos J. Estrada Ruiz. --
_tAmilcingo: los desafíos de la tradición /
_rRoberto González Villarreal y Ricardo Amann Escobar. --
_tLa Escuela Normal Urbana Federal Cuautla /
_rLeonardo Caballero Serrano, Cony B. Saeger P. y Carlos Zaldívar Rivas. --
_tLa normal del sindicato: apuntes sobre una escuela particular /
_rRoberto González Villarreal, Adelina Arredondo y Joel Espinosa Obispo. --
_tLos Centros de Maestros en el estado de Morelos /
_rMaría Adelina Castañeda Salgado, e Hilda Constantino Castro. --
_tProyectos educativos y cambios curriculares en la formación docente /
_rMaría Teresa Yurén.
506 0 _aAcceso abierto
650 4 _aEscuelas normales
_zMorelos
_xHistoria
_959378
700 1 _aArredondo López, María Adelina
_931528
_ecoordinación
856 4 0 _uhttp://riaa.uaem.mx/handle/20.500.12055/210
902 _aVíctorGodínez/270426
942 _2lcc
_cLIBRO-E
999 _c214999
_d214999